Statistics for Top 20 best airports in the world

Click here to take the quiz!

General Stats

  • This quiz has been taken 42 times
  • The average score is 12 of 20

Answer Stats

RankAirport% Correct
12London - Heathrow
95%
1Singapore - Changi
86%
20Paris - CDG
84%
7Tokyo - Narita
84%
2Tokyo - Haneda
81%
9Amsterdam - Schiphol
68%
6Hong Kong
68%
5Munich
68%
10Osaka - Kansai
62%
4Seoul - Incheon
62%
3Doha - Hamad
59%
14Frankfurt
59%
17Melbourne
54%
19Copenhagen
49%
11Zurich
49%
8Nagoya - Centrair
41%
16Vienna
41%
18Taipei - Taoyuan
38%
15Helsinki - Vantaa
32%
13Vancouver
32%

Score Distribution

Percentile by Number Answered

Percent of People with Each Score

Your Score History

You have not taken this quiz